000 00252nam a22001217a 4500
008 171016b xxu||||| |||| 00| 0 eng d
041 _aeng
080 _a33
100 _a52
101 _aEKO
245 _aPUBLIC SPENDING
_cKEAN,R.N
942 _2udc
_cBK
999 _c34215
_d34215